| 000 | 00619nam a2200205Ia 4500 | ||
|---|---|---|---|
| 005 | 20250923150008.0 | ||
| 008 | 008 250917s9999 xx 000 0 eng d | ||
| 037 | _aTextual | ||
| 040 |
_aDSWL _beng _cDSWL |
||
| 041 |
_aeng _2eng |
||
| 084 |
_aYX;5-B.1(Y:434), N97 _qDSWL |
||
| 100 |
_aSingh, Parduman _9841106 |
||
| 245 | 0 |
_aSocial Security Systems in Developing countries _c by Parduman Singh |
|
| 260 |
_aNew Delhi _bFriedrich Ebert Stiftung _c1997 |
||
| 300 | _ax,438 p. | ||
| 365 |
_aINR _b500.00 |
||
| 925 | _g500.00 | ||
| 942 |
_cTEXL _hYX;5-B.1(Y:434), N97 |
||
| 999 |
_c1458291 _d1458291 |
||